Sor Juana Inés de la Cruz o Las trampas de la fe

Spremljeno u:
Bibliografski detalji
Glavni autor: Paz, Octavio (autor)
Format: Knjiga
Jezik:španjolski
Izdano: Ciudad de México Fondo de Cultura Económica 1983
Izdanje:3a. ed
Serija:Sección de Obras de Lengua y Estudios Literarios
Teme:
Oznake: Dodaj oznaku
Bez oznaka, Budi prvi tko označuje ovaj zapis!

MARC

LEADER 00000cam a2200000 a 4500
001 UCE2698
003 CL-VaPUC
005 20230329144238.0
008 140724e19830000mx |||||||||||||||||spa|d
999 |c 356273  |d 356271 
020 |a 9789681612115 
040 |c Pontificia Universidad Católica de Valparaíso 
082 0 4 |a Me864  |b PAZ  |2 21 
100 |a Paz, Octavio  |e autor  |9 321638 
245 1 0 |a Sor Juana Inés de la Cruz o Las trampas de la fe 
250 |a 3a. ed 
260 |a Ciudad de México  |b Fondo de Cultura Económica  |c 1983 
300 |a 673 p 
490 0 |a Sección de Obras de Lengua y Estudios Literarios 
583 |a last modification  |c 20140724 10:48:00  |k Rodrigo Vera 
600 |a Juana Inés de la Cruz,   |c Sor  |d 1651-1695  |9 881030 
650 7 |a ENSAYOS MEXICANOS  |2 CL-VaPUC  |9 315571 
650 0 |a Literatura mexicana  |9 313097 
942 |c BK  |2 ddc 
945 |d 20140724 10:48:00  |a cmena 
952 |0 0  |1 0  |3 erb  |4 0  |6 ME_864_000000000000000_PAZ_1983  |7 0  |8 R  |9 463517  |a BIBEDU  |b BIBEDU  |c MCIRC  |i 5092248  |l 1  |m 2  |o Me864 PAZ 1983  |p 5092248  |r 2023-04-25  |s 2023-04-12  |w 2019-11-23  |y BK_R  |z Catalogado en:20140724  |k LIT